Karnabadhiranchya Bhawavishwat (Record no. 158878)

MARC details
000 -LEADER
fixed length control field 00415nam a2200181Ia 4500
003 - CONTROL NUMBER IDENTIFIER
control field OSt
005 - DATE AND TIME OF LATEST TRANSACTION
control field 20230620113237.0
008 - FIXED-LENGTH DATA ELEMENTS--GENERAL INFORMATION
fixed length control field 230519s9999 xx 000 0 und d
041 ## - LANGUAGE CODE
Language code of text/sound track or separate title Marathi
082 ## - DEWEY DECIMAL CLASSIFICATION NUMBER
Classification number X/891/JOS/DB0051
100 ## - MAIN ENTRY--PERSONAL NAME
Personal name Joshi Malatitai
9 (RLIN) 180221
245 ## - TITLE STATEMENT
Title Karnabadhiranchya Bhawavishwat
260 ## - PUBLICATION, DISTRIBUTION, ETC. (IMPRINT)
Place of publication, distribution, etc. Pune
300 ## - PHYSICAL DESCRIPTION
Extent 134p
942 ## - ADDED ENTRY ELEMENTS (KOHA)
Source of classification or shelving scheme Dewey Decimal Classification
Koha item type Donated Book
Holdings
Withdrawn status Lost status Damaged status Not for loan Collection code Home library Current library Date acquired Cost, normal purchase price Bill number Total Checkouts Full call number Barcode Date last seen Bill Date Koha item type Original Barcode
          Smt. Bakul Tambat Institute of Nursing Education Smt. Bakul Tambat Institute of Nursing Education 17/12/2009 50.00 322   X 891 JOS DB0051 BTIN-DB-51 19/05/2023 11/12/2009 Donated Book DB0051